000 00510nam a2200205Ia 4500
005 20250923150444.0
008 008 250917s9999 xx 000 0 eng d
037 _aTextual
040 _aDSWL
_beng
_cDSWL
041 _aeng
_2eng
084 _qDSWL
100 _aBaldry, Eileen
_9846166
245 0 _aStudying for social work
_cby Eileen Baldry
260 _aLondon
_b Sage Pub.
_c2011
300 _a133 p.
365 _aINR
_b6495
925 _g6495
942 _cTEXL
999 _c1463649
_d1463649